حر ف د ر حر ف خيا ل (Record no. 169562)
[ view plain ]
| 000 -LEADER | |
|---|---|
| fixed length control field | 00675nam a22001937a 4500 |
| 005 - DATE AND TIME OF LATEST TRANSACTION | |
| control field | 20191122171734.0 |
| 010 ## - LCCN (DPL NO) | |
| LC control number | UR-10611 |
| 020 ## - INTERNATIONAL STANDARD BOOK NUMBER | |
| Terms of availability | 200.00 |
| International Standard Book Number | 9789384255596 |
| 035 ## - SYSTEM CONTROL NUMBER | |
| System control number | U-9166 |
| 037 ## - SOURCE OF ACQUISITION | |
| Source of stock number/acquisition | DBAD/PUB |
| Stock number | - |
| 082 ## - DEWEY DECIMAL CLASSIFICATION NUMBER | |
| Classification number | 844.08 |
| 100 ## - MAIN ENTRY--PERSONAL NAME | |
| Personal name | و ا حد نظا م آ با د ی |
| 245 ## - TITLE STATEMENT | |
| Title | حر ف د ر حر ف خيا ل |
| Statement of responsibility, etc | و ا حد نظا م آ با د ی |
| 246 ## - VARYING FORM OF TITLE | |
| Remainder of title | Harf Dar Harf Khayal (Urdu) |
| Title proper/short title | by Wahid Nizamabadi |
| 260 ## - PUBLICATION, DISTRIBUTION, ETC. (IMPRINT) | |
| Place of publication, distribution, etc | Delhi |
| Name of publisher, distributor, etc | Educational Publishing House |
| Date of publication, distribution, etc | 2018 ء |
| 270 ## - ADDRESS | |
| Address | 3191,Vakil Street, Kucha Pandit,Lal Kuan, |
| City | Delhi |
| Postal code | 110006 |
| Telephone number | 01123216162 |
| Fax number | - |
| 300 ## - PHYSICAL DESCRIPTION | |
| Extent | 198 ص |
| Dimensions | 22 Cm(Hb) |
| 942 ## - ADDED ENTRY ELEMENTS (KOHA) | |
| Source of classification or shelving scheme | Dewey Decimal Classification |
| Item type | Urdu Bks |
| Classification part | 844.08 |
| Call number suffix | و ا ح |
| Withdrawn status | Lost status | Not for loan | Collection code | Home library | Current library | Date acquired | Source of acquisition | Cost, normal purchase price | Full call number | Barcode | Copy number | Cost, replacement price | Koha item type |
|---|---|---|---|---|---|---|---|---|---|---|---|---|---|
| Not For Loan | Non-fiction | D.B.Act.Division | D.B.Act.Division | 22/11/2019 | DBAD/PUB | 200.00 | 844.08 و ا ح | U-9166 | 1 | 200.00 | Urdu Bks |
